000 00761cam a2200241 a 4500
001 52090
003 BD-RjUL
005 20211209075743.0
008 160905s1986 cou b 001 0 eng
020 _a0813301505 (alk. paper) :
035 _a(BD-RjUL)52210
040 _aDLC
_cDLC
_dBD-RjUL
_beng
041 _aeng
082 0 0 _a338.272820956
_223
_bSHM 1986
100 1 _aShwadran, Benjamin.
_9155787
245 1 0 _aMiddle East oil crises since 1973 /
_cBenjamin Shwadran.
260 _aBoulder :
_bWestview Press,
_cc1986.
300 _axv, 254 p. ;
_c24 cm.
504 _aIncludes index and Bibliography: p. 234-240.
650 0 _aPetroleum industry and trade
_zMiddle East.
_9130003
650 0 _aPetroleum industry and trade.
_9155788
942 _2ddc
_cBK
999 _c52090
_d52090